[Event "VI Festival A"]
[Site "Nichelino ITA"]
[Date "2005.10.09"]
[Round "6"]
[White "Matta, Francesca"]
[Black "Finocchiaro, Gianluca"]
[Result "0-1"]
[WhiteElo "1840"]
[BlackElo "1834"]
[PlyCount "108"]
[EventDate "2005.10.06"]

1. e4 d6 2. d4 Nf6 3. Nc3 c6 4. f4 Qa5 5. Bd2 e5 6. dxe5 dxe5 7. Nd5 Qd8 8.
Nxf6+ Qxf6 9. Qf3 exf4 10. Bc3 Qh4+ 11. Qf2 Qxf2+ 12. Kxf2 Bc5+ 13. Kf3 Be3 14.
Be5 f6 15. Bxf4 Bb6 16. Bc4 Nd7 17. Ke2 Nc5 18. e5 Bg4+ 19. Nf3 fxe5 20. Bxe5
O-O-O 21. h3 Bxf3+ 22. Kxf3 Rhf8+ 23. Kg3 Rde8 24. Rhe1 Rxe5 25. Rxe5 Bc7 26.
Rae1 Re8 27. Kf4 Nd7 28. Kf5 Rxe5+ 29. Rxe5 Bxe5 30. b3 Bf6 31. Bg8 h6 32. Kg6
Kc7 33. Kh5 Kd6 34. h4 Be5 35. Kg6 Kc5 36. Kf5 Bc3 37. g4 Kb4 38. a4 b5 39.
axb5 cxb5 40. g5 hxg5 41. Kxg5 Nc5 42. h5 Bd2+ 43. Kg4 Kc3 44. Bh7 Ne6 45. Bd3
b4 46. Kf3 Nd4+ 47. Ke4 Nxc2 48. Bc4 Na1 49. Ba6 Nxb3 50. Kd5 Nc1 51. Bc8 b3
52. Bf5 Nd3 53. Bg4 b2 54. Bf5 b1=Q 0-1

[Event "VI Festival A"]
[Site "Nichelino ITA"]
[Date "2005.10.09"]
[Round "6"]
[White "Torrione, William"]
[Black "Cova, Alessandro"]
[Result "1/2-1/2"]
[WhiteElo "1883"]
[BlackElo "1958"]
[PlyCount "20"]
[EventDate "2005.10.06"]

1. d4 Nf6 2. c4 e6 3. Nc3 Bb4 4. a3 Bxc3+ 5. bxc3 b6 6. f3 Bb7 7. e4 d6 8. Bd3
Nbd7 9. Ne2 e5 10. Be3 O-O 1/2-1/2

[Event "VI Festival A"]
[Site "Nichelino ITA"]
[Date "2005.10.09"]
[Round "6"]
[White "Villalba, Fernando"]
[Black "Palmisano, Giuseppe"]
[Result "1/2-1/2"]
[WhiteElo "1881"]
[BlackElo "1754"]
[PlyCount "72"]
[EventDate "2005.10.06"]

1. e4 c5 2. Nf3 Nc6 3. d4 cxd4 4. Nxd4 d6 5. Nc3 Nf6 6. Be2 a6 7. O-O g6 8. Be3
Bg7 9. Kh1 Bd7 10. f4 O-O 11. f5 Ne5 12. fxg6 hxg6 13. h3 b5 14. Bg5 b4 15.
Bxf6 bxc3 16. Bxg7 cxb2 17. Rb1 Kxg7 18. Rxb2 Qc8 19. Rb3 Rh8 20. Rf2 Ng4 21.
Bxg4 Bxg4 22. Qf1 Be6 23. Rg3 Qc4 24. Qxc4 Bxc4 25. a3 f6 26. Kg1 Kf7 27. Nf3
Rab8 28. e5 Kg7 29. exf6+ exf6 30. Nd2 Rh4 31. Nxc4 Rxc4 32. Rd3 Rd8 33. Rfd2
Rc6 34. Rb3 Rd7 35. Kf2 f5 36. Kf3 Kf6 1/2-1/2

[Event "V Weekend A"]
[Site "Brindisi ITA"]
[Date "2005.10.15"]
[Round "4"]
[White "Liuti, Aldo"]
[Black "Licciulli, Fabio"]
[Result "0-1"]
[WhiteElo "1646"]
[BlackElo "1784"]
[PlyCount "59"]
[EventDate "2005.10.08"]

1. c4 e6 2. Nc3 b6 3. d4 Nf6 4. Nf3 Bb7 5. e3 Be7 6. Bd3 O-O 7. O-O d6 8. b4
Nbd7 9. Bb2 c5 10. a3 Rc8 11. dxc5 dxc5 12. b5 Bxf3 13. gxf3 Qc7 14. f4 Rfd8
15. Qc2 e5 16. Nd5 Nxd5 17. Bxh7+ Kf8 18. cxd5 exf4 19. Qf5 Bf6 20. Qc2 Bxb2
21. Qxb2 f3 22. Bf5 Qd6 23. Rfd1 Qh6 24. Kh1 Qg5 25. Bh3 Qh5 26. Bxd7 Rxd7 27.
Rg1 Qh6 28. e4 Re8 29. Rae1 Rdd8 30. Qb3 0-1

[Event "V Weekend A"]
[Site "Brindisi ITA"]
[Date "2005.10.16"]
[Round "6"]
[White "Liuti, Aldo"]
[Black "Mele, Rocco"]
[Result "0-1"]
[WhiteElo "1646"]
[BlackElo "1631"]
[PlyCount "37"]
[EventDate "2005.10.08"]

1. d4 e6 2. c4 d5 3. Nc3 Nf6 4. Nf3 Nbd7 5. e3 Bb4 6. Bd2 c5 7. a3 Bxc3 8. bxc3
O-O 9. cxd5 exd5 10. c4 cxd4 11. Nxd4 Ne5 12. cxd5 Qxd5 13. Rc1 Bd7 14. f3 Rfe8
15. Kf2 Rac8 16. Be2 Ng6 17. Re1 Nf4 18. Bc3 Ng4+ 19. Kg3 0-1

[Event "I Festival A"]
[Site "Ravenna ITA"]
[Date "2005.10.14"]
[Round "1"]
[White "Brancaleoni, Maurizio"]
[Black "Pomaro, Stefano"]
[Result "1-0"]
[WhiteElo "2308"]
[BlackElo "1919"]
[PlyCount "61"]
[EventDate "2005.10.14"]

1.c4 f5 2.d4 Nf6 3.g3 e6 4.Bg2 Be7 5.Nc3 O-O 6.Nh3 c6 7.d5 Ng4 8.O-O e5 9.
d6 Bf6 10.e4 g6 11.Re1 Na6 12.a3 Qb6 13.b4 Qd4 14.Qb3 Qxd6 15.c5+ Qe6 16.
Qxe6+ dxe6 17.f3 Nxh2 18.Kxh2 Rd8 19.Be3 f4 20.Bf2 Rd3 21.Rac1 Bd7 22.Bf1 
Rd2 23.Red1 Rxd1 24.Rxd1 Rd8 25.Bc4 Kf7 26.gxf4 exf4 27.Bd4 g5 28.Bxf6 
Kxf6 29.e5+ Kxe5 30.Nxg5 Nc7 31.Nf7+ 1-0

[Event "I Festival A"]
[Site "Ravenna ITA"]
[Date "2005.10.14"]
[Round "1"]
[White "Fontanari, Maurizio"]
[Black "Carrara, Salvatore"]
[Result "0-1"]
[WhiteElo "2057"]
[BlackElo "1821"]
[PlyCount "41"]
[EventDate "2005.10.14"]

1.d4 Nf6 2.c4 c5 3.d5 g6 4.Nc3 Bg7 5.e4 d6 6.f4 O-O 7.Nf3 Na6 8.Be2 Nc7 9.
O-O a6 10.e5 Nd7 11.exd6 exd6 12.Qb3 Rb8 13.a4 Nf6 14.Bd3 b6 15.a5 b5 16.
Nd2 Bd7 17.Qc2 bxc4 18.Bxc4 Bf5 19.Bd3 Nfxd5 20.Nxd5 Nxd5 21.Nc4 0-1

[Event "I Festival A"]
[Site "Ravenna ITA"]
[Date "2005.10.14"]
[Round "1"]
[White "Genocchio, Daniele"]
[Black "Castellano, Alfonso"]
[Result "1-0"]
[WhiteElo "2348"]
[BlackElo "1931"]
[PlyCount "45"]
[EventDate "2005.10.14"]

1.e4 c5 2.c3 Nf6 3.e5 Nd5 4.Nf3 Nc6 5.Bc4 Nb6 6.Bb3 d5 7.exd6 Qxd6 8.d4 c4
9.Bc2 g6 10.O-O Bg7 11.Nbd2 O-O 12.Re1 Be6 13.Ne4 Qc7 14.Bg5 Rae8 15.Qd2 
Bg4 16.Nh4 Nd5 17.h3 Bc8 18.Nf3 b6 19.Rad1 Bb7 20.Qe2 Nd8 21.Ba4 Nc6 22.
Qxc4 Rc8 23.Qxd5 1-0

[Event "I Festival A"]
[Site "Ravenna ITA"]
[Date "2005.10.14"]
[Round "1"]
[White "Giussani, Igor"]
[Black "Rombaldoni, Denis"]
[Result "0-1"]
[WhiteElo "1924"]
[BlackElo "2316"]
[PlyCount "52"]
[EventDate "2005.10.14"]

1.d4 Nf6 2.Nf3 e6 3.e3 b6 4.Bd3 Bb7 5.Nbd2 c5 6.b3 cxd4 7.exd4 Nd5 8.Bb2 
Nc6 9.a3 g5 10.c4 Nf4 11.Bf1 d5 12.g3 Ng6 13.cxd5 exd5 14.Qe2+ Be7 15.Bg2 
O-O 16.O-O Re8 17.Qd1 Bf6 18.Re1 Rxe1+ 19.Qxe1 Qd6 20.Qe3 g4 21.Ne1 Ba6 
22.Nd3 h6 23.Nf4 Bg5 24.Nf1 Nxf4 25.gxf4 Bxf4 26.Qc3 Bxf1 0-1

[Event "I Festival A"]
[Site "Ravenna ITA"]
[Date "2005.10.14"]
[Round "1"]
[White "Gulinelli, Euro"]
[Black "Giovannini, Roberto"]
[Result "0-1"]
[WhiteElo "1466"]
[BlackElo "1937"]
[PlyCount "62"]
[EventDate "2005.10.14"]

1.c4 c6 2.d4 d5 3.cxd5 cxd5 4.Nc3 Nc6 5.Nf3 Nf6 6.g3 a6 7.Bg2 Bf5 8.a3 e6 
9.O-O Be7 10.Bg5 O-O 11.Nh4 Bg4 12.Nf3 b5 13.Bxf6 Bxf6 14.e3 Rc8 15.Qd2 
Na5 16.Rac1 Nb3 17.Qe2 Nxc1 18.Rxc1 Qa5 19.h3 Bh5 20.g4 Bg6 21.g5 Be7 22.
Qd1 Rc7 23.Qb3 Rfc8 24.Bf1 Be4 25.Bg2 Bxf3 26.Bxf3 Bxg5 27.Rc2 Be7 28.Bd1 
Rc4 29.Kf1 Qc7 30.Kg2 b4 31.Na4 Rxc2 0-1

[Event "I Festival A"]
[Site "Ravenna ITA"]
[Date "2005.10.14"]
[Round "1"]
[White "Ignacz, Rozsa"]
[Black "Zanetto, Marco"]
[Result "1-0"]
[WhiteElo "1946"]
[BlackElo "1727"]
[PlyCount "52"]
[EventDate "2005.10.14"]

1.d4 Nf6 2.c4 e6 3.Nf3 b6 4.Qc2 Bb7 5.Nc3 Bb4 6.a3 Bxc3+ 7.Qxc3 O-O 8.g3 
d6 9.Bg2 Nbd7 10.O-O c5 11.dxc5 Nxc5 12.b4 Nce4 13.Qb3 Qc7 14.Bb2 Rac8 15.
Rac1 Ba6 16.b5 Bb7 17.Qe3 Qe7 18.a4 Nc5 19.Rfd1 Rfd8 20.h3 Nxa4 21.Bxf6 
Qxf6 22.Qa3 Nb2 23.Rxd6 Rxd6 24.Qxd6 Nxc4 25.Qd7 Nd6 26.Rxc8+ Bxc8 1-0

[Event "I Festival A"]
[Site "Ravenna ITA"]
[Date "2005.10.14"]
[Round "1"]
[White "Panciera, Fabio"]
[Black "Baldelli, Alex"]
[Result "0-1"]
[WhiteElo "1802"]
[BlackElo "2048"]
[PlyCount "48"]
[EventDate "2005.10.14"]

1.e4 c5 2.c3 d5 3.exd5 Qxd5 4.d4 Nc6 5.Nf3 Bg4 6.Be2 cxd4 7.cxd4 e6 8.Nc3 
Qd7 9.Be3 Nf6 10.O-O Bd6 11.Qd2 O-O 12.Rad1 Rfd8 13.Rfe1 a6 14.Kh1 Qc7 15.
h3 Bh5 16.Qc1 Be7 17.Bf4 Qa5 18.a3 Rac8 19.Be3 h6 20.g4 Bg6 21.g5 hxg5 22.
Nxg5 Nd5 23.Bf3 Nxe3 24.fxe3 Bxg5 0-1

[Event "I Festival A"]
[Site "Ravenna ITA"]
[Date "2005.10.14"]
[Round "1"]
[White "Rombaldoni, Axel"]
[Black "Giorgi, Sandro"]
[Result "1-0"]
[WhiteElo "2107"]
[BlackElo "1854"]
[PlyCount "73"]
[EventDate "2005.10.14"]

1.e4 e6 2.d4 d5 3.Nc3 dxe4 4.Nxe4 Nd7 5.Nf3 Ngf6 6.Bg5 Be7 7.Nxf6+ Bxf6 8.
Bxf6 Nxf6 9.c3 Qd5 10.Bd3 Bd7 11.O-O Bb5 12.Re1 Bxd3 13.Qxd3 O-O 14.Re5 
Qd6 15.a4 a5 16.Nd2 b6 17.Qf3 c5 18.Nc4 Qc7 19.dxc5 bxc5 20.Rg5 Nd5 21.h4 
f5 22.Re1 Rac8 23.h5 Rf6 24.Ne5 h6 25.Rg6 Rcf8 26.Rxf6 Rxf6 27.Ng6 Kh7 28.
Rxe6 Rxe6 29.Nf8+ Kg8 30.Nxe6 Qe5 31.Nxc5 Qe1+ 32.Kh2 Qe5+ 33.g3 f4 34.g4 
Nf6 35.Nd3 Qg5 36.Kh3 Kh7 37.Nxf4 1-0

[Event "I Festival A"]
[Site "Ravenna ITA"]
[Date "2005.10.14"]
[Round "1"]
[White "Trangoni, Bruno"]
[Black "Lagrotteria, Salvatore"]
[Result "1-0"]
[WhiteElo "1946"]
[BlackElo "2214"]
[PlyCount "111"]
[EventDate "2005.10.14"]

1.d4 Nf6 2.Nf3 e6 3.e3 b6 4.Bd3 Bb7 5.Nbd2 c5 6.O-O Be7 7.Qe2 O-O 8.c3 d6 
9.Re1 Nbd7 10.e4 cxd4 11.cxd4 e5 12.d5 a6 13.b4 a5 14.b5 Nc5 15.Nc4 Qc7 
16.Bb2 Rae8 17.Rac1 Nfd7 18.Ne3 Qd8 19.Bb1 g6 20.Nd2 Bg5 21.Ndc4 Nf6 22.
Qf3 Bc8 23.Rcd1 Qc7 24.Bc1 Bxe3 25.Bxe3 Ng4 26.Bd2 f5 27.exf5 gxf5 28.h3 
e4 29.Qg3 e3 30.Bxe3 Ne4 31.Bxe4 Rxe4 32.Nxd6 f4 33.Bxf4 Rexf4 34.Nxc8 
Qxc8 35.d6 Qc5 36.hxg4 Rxf2 37.Kh2 R2f6 38.g5 Rf4 39.d7 Qc7 40.Kh1 Rd8 41.
Re8+ Kg7 42.Rxd8 Rf1+ 43.Kh2 Qxg3+ 44.Kxg3 Rxd1 45.Kf4 Kf7 46.Rh8 Ke7 47.
Rxh7+ Ke6 48.g6 Kf6 49.g7 Kf7 50.g4 Kg8 51.Rh6 Kxg7 52.Rxb6 Rxd7 53.Ra6 
Rd5 54.Kf3 a4 55.b6 Rb5 56.Rxa4 1-0

[Event "I Festival A"]
[Site "Ravenna ITA"]
[Date "2005.10.15"]
[Round "2"]
[White "Baldelli, Alex"]
[Black "Genocchio, Daniele"]
[Result "1/2-1/2"]
[WhiteElo "2048"]
[BlackElo "2348"]
[PlyCount "35"]
[EventDate "2005.10.14"]

1.d4 Nf6 2.c4 g6 3.Nc3 Bg7 4.Nf3 O-O 5.Bg5 h6 6.Bh4 d6 7.e3 a6 8.Be2 Nbd7 
9.Qc2 c6 10.O-O b5 11.e4 bxc4 12.e5 dxe5 13.dxe5 Nd5 14.e6 fxe6 15.Qxg6 
Nc5 16.Bxc4 Rf4 17.Be2 Rb8 18.Bg3 1/2-1/2

[Event "I Festival A"]
[Site "Ravenna ITA"]
[Date "2005.10.15"]
[Round "2"]
[White "Castellano, Alfonso"]
[Black "Lucchi, Lorenzo"]
[Result "1-0"]
[WhiteElo "1931"]
[BlackElo "1886"]
[PlyCount "87"]
[EventDate "2005.10.14"]

1.c4 Nf6 2.Nc3 g6 3.g3 Bg7 4.Bg2 c6 5.e4 e5 6.Nge2 c5 7.d3 Nc6 8.Bg5 h6 9.
Be3 d6 10.O-O O-O 11.h3 Be6 12.Nd5 Nd4 13.Nxd4 cxd4 14.Bd2 Nxd5 15.cxd5 
Bd7 16.Qb3 a6 17.Bb4 Qb6 18.Qa3 a5 19.Bxd6 Rfc8 20.Rfc1 Bb5 21.Bf1 Qa6 22.
Be7 Bd7 23.Rc4 b5 24.Rcc1 b4 25.Qb3 Re8 26.Bc5 Rac8 27.a3 bxa3 28.Qxa3 a4 
29.Bd6 Bf8 30.Bxf8 Rxf8 31.Qe7 Qb5 32.Rc4 Rxc4 33.dxc4 Qxb2 34.Ra3 Qc1 35.
g4 h5 36.Rg3 Rb8 37.Rf3 Be8 38.Qxe5 Qb2 39.gxh5 a3 40.hxg6 fxg6 41.Qe7 Ba4
42.Qf7+ Kh8 43.Rf4 g5 44.Qh5+ 1-0

[Event "I Festival A"]
[Site "Ravenna ITA"]
[Date "2005.10.15"]
[Round "2"]
[White "Del Vecchio, Gastone"]
[Black "Vicari, Luigi"]
[Result "0-1"]
[WhiteElo "1895"]
[BlackElo "2062"]
[PlyCount "108"]
[EventDate "2005.10.14"]

1.e4 c5 2.Nf3 d6 3.Bc4 Nf6 4.Qe2 Nc6 5.c3 Bg4 6.h3 Bh5 7.Qe3 Qb6 8.Na3 e6 
9.O-O Be7 10.Nc2 O-O 11.a3 Rfd8 12.b4 Bxf3 13.gxf3 d5 14.Ba2 d4 15.cxd4 
cxd4 16.Qf4 Bd6 17.Qg5 Qc7 18.Bb2 Bf4 19.Qc5 b6 20.Qc4 Ne5 21.Qb3 Nxf3+ 
22.Qxf3 Qxc2 23.Bxd4 Rxd4 24.Qxf4 Qxe4 25.Qxe4 Nxe4 26.Rad1 Rad8 27.d3 Nc3
28.Ra1 Nxa2 29.Rxa2 Rxd3 30.Kg2 Rc8 31.a4 Rcc3 32.f3 g6 33.b5 Ra3 34.Rfa1 
Rd2+ 35.Rxd2 Rxa1 36.Rd4 Kg7 37.Kg3 Kf6 38.Rf4+ Ke7 39.Rd4 e5 40.Rc4 Kd7 
41.h4 Rd1 42.a5 Rd4 43.Rc6 Rd6 44.axb6 Rxc6 45.bxc6+ Kxc6 46.bxa7 Kb7 47.
a8=Q+ Kxa8 48.Kg4 f5+ 49.Kg5 Kb7 50.h5 Kc6 51.h6 e4 52.fxe4 fxe4 53.Kf4 
Kd5 54.Ke3 Ke5 0-1

[Event "I Festival A"]
[Site "Ravenna ITA"]
[Date "2005.10.15"]
[Round "2"]
[White "Giorgi, Sandro"]
[Black "Fontanari, Maurizio"]
[Result "0-1"]
[WhiteElo "1854"]
[BlackElo "2057"]
[PlyCount "84"]
[EventDate "2005.10.14"]

1.Nf3 c5 2.c4 Nf6 3.Nc3 e6 4.d4 cxd4 5.Nxd4 a6 6.g3 Qc7 7.Qd3 b6 8.Bg2 Bb7
9.e4 d6 10.O-O Nbd7 11.b3 Be7 12.Bb2 O-O 13.Rac1 Rac8 14.h3 Qb8 15.Rc2 Nc5
16.Qe2 Qa8 17.Re1 Rfe8 18.f4 d5 19.e5 Nfe4 20.Nxe4 Nxe4 21.Kh2 Nc5 22.Rec1
dxc4 23.Bxb7 Qxb7 24.Rxc4 Rcd8 25.Rd1 h6 26.Nc2 Rc8 27.Rcd4 Rc7 28.Na3 b5 
29.Qg2 Qa7 30.R4d2 Rec8 31.h4 Qb8 32.Nb1 Nb7 33.Na3 Nd8 34.Rd7 Nc6 35.Rxc7
Qxc7 36.Rc1 Qb6 37.h5 Bc5 38.Rd1 Nb4 39.Ba1 Nd5 40.Nc2 Bf2 41.Na3 Bc5 42.
Bb2 Ne3 0-1

[Event "I Festival A"]
[Site "Ravenna ITA"]
[Date "2005.10.15"]
[Round "2"]
[White "Giovannini, Roberto"]
[Black "Brancaleoni, Maurizio"]
[Result "0-1"]
[WhiteElo "1937"]
[BlackElo "2308"]
[PlyCount "98"]
[EventDate "2005.10.14"]

1.d4 c5 2.c3 d5 3.Nf3 Nf6 4.dxc5 e6 5.b4 a5 6.Bb2 b6 7.cxb6 axb4 8.e3 Qxb6
9.Qb3 Nc6 10.Nbd2 Nd7 11.c4 Nc5 12.Qc2 Na4 13.cxd5 exd5 14.Nd4 Nxb2 15.
Nxc6 Na4 16.Nb3 Nc3 17.Ncd4 Qg6 18.Qd2 Bd7 19.Qb2 Be7 20.g3 Qe4 21.Rg1 O-O
22.Nc1 Rfc8 23.Bd3 Qe5 24.Nce2 Na4 25.Qb1 g6 26.Nf3 Qd6 27.Ned4 Nc3 28.Qb2
Ra3 29.Bc2 Bf6 30.Bb3 Bg4 31.Rc1 Re8 32.Qd2 Kg7 33.Rc2 Ra5 34.h4 Kg8 35.
Rh1 Bg7 36.Kf1 Qf6 37.Kg2 Ra7 38.Rhc1 Rae7 39.Ne1 Bh6 40.Rxc3 bxc3 41.Rxc3
g5 42.Rc6 Qg7 43.hxg5 Qxg5 44.Nef3 Qh5 45.Nh4 Re5 46.Bc2 Bd7 47.Rc7 Qg4 
48.Qd3 Qh3+ 49.Kg1 f5 0-1

[Event "I Festival A"]
[Site "Ravenna ITA"]
[Date "2005.10.15"]
[Round "2"]
[White "Rombaldoni, Denis"]
[Black "Ignacz, Rozsa"]
[Result "1-0"]
[WhiteElo "2316"]
[BlackElo "1946"]
[PlyCount "51"]
[EventDate "2005.10.14"]

1.d4 Nf6 2.c4 e6 3.Nf3 b6 4.g3 Ba6 5.b3 Bb7 6.Bg2 Be7 7.O-O O-O 8.Nc3 d5 
9.cxd5 Nxd5 10.Bb2 Nd7 11.Nxd5 Bxd5 12.Qd3 Nf6 13.Nh4 Rc8 14.e4 Bb7 15.
Rfe1 Re8 16.Rad1 h6 17.d5 exd5 18.exd5 Nd7 19.Rxe7 Rxe7 20.d6 cxd6 21.Bxb7
Rc7 22.Qxd6 Rxb7 23.Nf5 Re6 24.Qd4 Qf6 25.Qd5 Qxb2 26.Qxb7 1-0

[Event "I Festival A"]
[Site "Ravenna ITA"]
[Date "2005.10.15"]
[Round "2"]
[White "Salzano, Guido"]
[Black "Lagrotteria, Salvatore"]
[Result "0-1"]
[WhiteElo "2055"]
[BlackElo "2214"]
[PlyCount "58"]
[EventDate "2005.10.14"]

1.e4 c5 2.Nc3 Nc6 3.g3 g6 4.Bg2 Bg7 5.d3 d6 6.Be3 e5 7.Qd2 Nge7 8.Bh6 O-O 
9.h4 f6 10.Bxg7 Kxg7 11.h5 g5 12.h6+ Kh8 13.O-O-O Ng6 14.Nge2 Nd4 15.Nd5 
Bg4 16.Nxd4 cxd4 17.f3 Be6 18.Bh3 Bxd5 19.exd5 f5 20.Rdf1 Rc8 21.f4 gxf4 
22.gxf4 Nxf4 23.Rxf4 exf4 24.Qxf4 Qf6 25.Rf1 Rce8 26.Kd2 Qe5 27.Qg5 Qe2+ 
28.Kc1 Qe3+ 29.Qxe3 dxe3 0-1

[Event "I Festival A"]
[Site "Ravenna ITA"]
[Date "2005.10.15"]
[Round "2"]
[White "Sottroi, Carlo"]
[Black "Rombaldoni, Axel"]
[Result "0-1"]
[WhiteElo "1823"]
[BlackElo "2107"]
[PlyCount "64"]
[EventDate "2005.10.14"]

1.e4 c5 2.d4 cxd4 3.c3 dxc3 4.Nxc3 e6 5.Nf3 Nc6 6.Bc4 Qc7 7.O-O Nf6 8.Qe2 
Ng4 9.g3 a6 10.a3 b5 11.Bd3 Bc5 12.Bd2 Nge5 13.Nxe5 Nxe5 14.Rac1 Qa7 15.
Bf4 d6 16.b4 Bb6 17.Rfd1 O-O 18.Kg2 Rd8 19.Bc2 Bb7 20.Bb3 Rac8 21.Bg5 Rd7 
22.f4 Nc4 23.Bxc4 Rxc4 24.f5 exf5 25.Nd5 Rxe4 26.Qd3 h6 27.Bxh6 Rd4 28.
Qxf5 Bxd5+ 29.Kh3 Be6 30.Rc8+ Bd8 31.Qxe6 fxe6 32.Be3 Rh4+ 0-1

[Event "I Festival A"]
[Site "Ravenna ITA"]
[Date "2005.10.15"]
[Round "3"]
[White "Fontanari, Maurizio"]
[Black "Gulinelli, Euro"]
[Result "1-0"]
[WhiteElo "2057"]
[BlackElo "1466"]
[PlyCount "65"]
[EventDate "2005.10.14"]

1.e4 c6 2.d4 d5 3.exd5 cxd5 4.Bd3 Nf6 5.Nf3 Bg4 6.O-O Nc6 7.c3 e5 8.dxe5 
Nxe5 9.Re1 Ne4 10.Bxe4 dxe4 11.Qxd8+ Rxd8 12.Nxe5 Rd1 13.Rxd1 Bxd1 14.Be3 
a6 15.Nd2 Bh5 16.Nxe4 Be7 17.Ng3 Bg6 18.Nxg6 fxg6 19.Re1 O-O 20.a3 b5 21.
Rd1 h6 22.Rd7 Bd8 23.Ne4 Re8 24.Nc5 a5 25.g3 Bb6 26.b4 axb4 27.axb4 Bd8 
28.Bd4 Bf6 29.Nb7 Bxd4 30.Rxd4 Re1+ 31.Kg2 Re5 32.Nd6 Kf8 33.f4 1-0

[Event "I Festival A"]
[Site "Ravenna ITA"]
[Date "2005.10.15"]
[Round "3"]
[White "Ignacz, Rozsa"]
[Black "Trangoni, Bruno"]
[Result "1-0"]
[WhiteElo "1946"]
[BlackElo "1946"]
[PlyCount "77"]
[EventDate "2005.10.14"]

1.d4 g6 2.Nf3 Bg7 3.c4 d6 4.g3 Nd7 5.Bg2 e5 6.Nc3 exd4 7.Nxd4 Ne7 8.O-O 
O-O 9.Bf4 Ne5 10.Qb3 h6 11.h3 Kh7 12.Kh2 Ng4+ 13.hxg4 Bxd4 14.Bf3 a6 15.
Kg2 Rh8 16.Rad1 Ba7 17.c5 Be6 18.Qxb7 Bxc5 19.Qxa8 Qxa8 20.Bxa8 Rxa8 21.
Rh1 Ng8 22.Bxh6 Nxh6 23.g5 Kg7 24.gxh6+ Kh7 25.b3 Rb8 26.Ne4 Ba7 27.Ng5+ 
Kg8 28.Nxe6 fxe6 29.h7+ Kh8 30.Rh6 Rf8 31.f3 Rf6 32.Rd3 Bc5 33.g4 e5 34.
Kh3 Ba3 35.Rc3 c5 36.Kh4 Bb4 37.Rd3 Be1+ 38.Kg5 a5 39.Rxg6 1-0

[Event "I Festival A"]
[Site "Ravenna ITA"]
[Date "2005.10.15"]
[Round "3"]
[White "Lagrotteria, Salvatore"]
[Black "Sottroi, Carlo"]
[Result "1-0"]
[WhiteElo "2214"]
[BlackElo "1823"]
[PlyCount "69"]
[EventDate "2005.10.14"]

1.d4 Nf6 2.c4 g6 3.Nc3 Bg7 4.e4 d6 5.Bd3 O-O 6.Nge2 Na6 7.O-O c5 8.d5 Bd7 
9.a3 Nc7 10.f3 Rb8 11.b4 cxb4 12.axb4 Na6 13.b5 Nc5 14.Be3 Ra8 15.Rb1 Qc7 
16.Bc2 b6 17.Nd4 Rfe8 18.h3 Bc8 19.f4 e6 20.Qf3 Bb7 21.Nc6 a6 22.Rbd1 a5 
23.Bf2 Nfd7 24.e5 dxe5 25.d6 Qc8 26.Bxc5 bxc5 27.Be4 Kh8 28.fxe5 Rf8 29.
Qe3 Bxc6 30.bxc6 Nxe5 31.Qxc5 Nxc6 32.d7 Qb8 33.Bxc6 Bxc3 34.Bxa8 Qxa8 35.
Qxf8+ 1-0

[Event "I Festival A"]
[Site "Ravenna ITA"]
[Date "2005.10.15"]
[Round "3"]
[White "Lucchi, Lorenzo"]
[Black "Giorgi, Sandro"]
[Result "1/2-1/2"]
[WhiteElo "1886"]
[BlackElo "1854"]
[PlyCount "105"]
[EventDate "2005.10.14"]

1.e4 e6 2.d4 d5 3.exd5 exd5 4.Bd3 Nf6 5.Bg5 Be7 6.Nf3 Bg4 7.Nbd2 Nbd7 8.h3
Bh5 9.c3 c6 10.Qb3 Qb6 11.Qxb6 axb6 12.g4 Bg6 13.Bxg6 hxg6 14.Ke2 Bd6 15.
a3 O-O-O 16.a4 Rde8+ 17.Be3 Bf4 18.b4 Bxe3 19.fxe3 Ne4 20.Nxe4 Rxe4 21.Ng5
Re7 22.Rhf1 f6 23.Nf3 Rhe8 24.Kd2 Rxe3 25.Rae1 Rxe1 26.Rxe1 Rxe1 27.Nxe1 
Nf8 28.Nf3 Kc7 29.Ke3 Kd6 30.h4 Ne6 31.g5 Nf8 32.Kf4 Nd7 33.Nh2 Ke6 34.Ng4
f5 35.Ne3 Nf8 36.c4 dxc4 37.Nxc4 Nd7 38.Ne3 Nf8 39.h5 gxh5 40.Nxf5 g6 41.
Ne3 Kd6 42.Ke4 Ke6 43.Nc4 Nd7 44.b5 h4 45.Ne3 Nf8 46.Ng2 Nh7 47.Nf4+ Kd6 
48.Nh3 Nf8 49.Kd3 Ne6 50.Ke4 Nf8 51.Nf4 Ne6 52.Nh3 Nf8 53.Nf4 1/2-1/2

[Event "I Festival A"]
[Site "Ravenna ITA"]
[Date "2005.10.15"]
[Round "3"]
[White "Panciera, Fabio"]
[Black "Del Vecchio, Gastone"]
[Result "0-1"]
[WhiteElo "1802"]
[BlackElo "1895"]
[PlyCount "99"]
[EventDate "2005.10.14"]

1.e4 c5 2.c3 d6 3.d4 cxd4 4.cxd4 Nf6 5.Bd3 Nc6 6.Ne2 Bg4 7.f3 Bh5 8.Nbc3 
e6 9.a3 Be7 10.Be3 O-O 11.O-O a6 12.Rc1 Rc8 13.Nf4 Bg6 14.Nxg6 hxg6 15.Qe2
d5 16.e5 Nd7 17.b4 Bg5 18.Bxg5 Qxg5 19.Qf2 f5 20.f4 Qe7 21.Rfd1 Kf7 22.b5 
Ncb8 23.Qa2 Nb6 24.Ne2 g5 25.Qb3 gxf4 26.bxa6 f3 27.Qxb6 fxe2 28.Bxe2 bxa6
29.Bxa6 Nxa6 30.Qxa6 Ra8 31.Qb6 Rfb8 32.Qc7 Rc8 33.Qxe7+ Kxe7 34.Rxc8 Rxc8
35.Rd3 Rc4 36.Kf2 g5 37.Ke3 Rc2 38.Rd2 Rc4 39.Rb2 Rc3+ 40.Kd2 Rxa3 41.Rb7+
Kd8 42.Rb2 f4 43.Rc2 Kd7 44.Ke2 Re3+ 45.Kd2 g4 46.g3 Re4 47.gxf4 Rxf4 48.
Ke3 Rf3+ 49.Ke2 Rh3 50.Kd1 0-1

[Event "I Festival A"]
[Site "Ravenna ITA"]
[Date "2005.10.15"]
[Round "3"]
[White "Pomaro, Stefano"]
[Black "Salzano, Guido"]
[Result "0-1"]
[WhiteElo "1919"]
[BlackElo "2055"]
[PlyCount "94"]
[EventDate "2005.10.14"]

1.e4 c5 2.b4 cxb4 3.a3 bxa3 4.Nxa3 d5 5.exd5 Qxd5 6.Nf3 Bg4 7.Nb5 Bxf3 8.
Nc7+ Kd8 9.Nxd5 Bxd1 10.Nb6 Bxc2 11.Nxa8 Nc6 12.Nb6 Nf6 13.Bb2 axb6 14.Bc4
e6 15.Ra8+ Kc7 16.Ba3 Nd7 17.O-O Ndb8 18.Bb2 Bc5 19.d3 Rd8 20.Bxg7 Bxd3 
21.Bxd3 Rxd3 22.Ra4 Bd4 23.Bh6 b5 24.Ra2 Na6 25.Be3 Nab4 26.Ra8 Nd5 27.
Bxd4 Nxd4 28.Rf8 f5 29.Rf7+ Kb6 30.Rxh7 Ne2+ 31.Kh1 Ndc3 32.h4 Rd1 33.Rxd1
Nxd1 34.h5 Nxf2+ 35.Kh2 Ng4+ 36.Kh3 b4 37.Rd7 b3 38.Rd2 Nf4+ 39.Kh4 Kb5 
40.Kg5 Nd5 41.h6 Nxh6 42.Kxh6 Kb4 43.Re2 Ka3 44.Rxe6 b2 45.Re1 Ka2 46.Re5 
b1=Q 47.Rxd5 Qh1+ 0-1

[Event "I Festival A"]
[Site "Ravenna ITA"]
[Date "2005.10.15"]
[Round "3"]
[White "Rombaldoni, Axel"]
[Black "Baldelli, Alex"]
[Result "1-0"]
[WhiteElo "2107"]
[BlackElo "2048"]
[PlyCount "79"]
[EventDate "2005.10.14"]

1.e4 c5 2.Nf3 e6 3.d4 cxd4 4.Nxd4 Nf6 5.Nc3 d6 6.Bc4 a6 7.Bb3 Qc7 8.Be3 
Nc6 9.Qe2 b5 10.O-O-O Na5 11.f3 Bd7 12.g4 Nxb3+ 13.axb3 Qa5 14.g5 Ng8 15.
f4 O-O-O 16.Qf3 Ne7 17.h4 b4 18.Nce2 d5 19.Kb1 dxe4 20.Qxe4 Nd5 21.Bf2 Bc5
22.f5 Qb6 23.fxe6 fxe6 24.Nxe6 Qxe6 25.Qxe6 Bxe6 26.Bxc5 Bg4 27.Rde1 Rhe8 
28.Nd4 Bd7 29.Nf3 Rxe1+ 30.Rxe1 Re8 31.Rxe8+ Bxe8 32.Nd4 Bd7 33.Kc1 Nf4 
34.Bxb4 Ng2 35.h5 h6 36.Bf8 Be8 37.Bxg7 hxg5 38.h6 Bg6 39.Ne6 Be4 40.Nxg5 
1-0

[Event "I Festival A"]
[Site "Ravenna ITA"]
[Date "2005.10.15"]
[Round "3"]
[White "Zanetto, Marco"]
[Black "Castellano, Alfonso"]
[Result "0-1"]
[WhiteElo "1727"]
[BlackElo "1931"]
[PlyCount "76"]
[EventDate "2005.10.14"]

1.e4 c5 2.c3 Nf6 3.e5 Nd5 4.d4 cxd4 5.Nf3 Nc6 6.cxd4 d6 7.Bc4 Nb6 8.Bb5 d5
9.h3 e6 10.O-O Be7 11.b3 O-O 12.Ba3 Bd7 13.Bxe7 Nxe7 14.Bd3 Ng6 15.Nc3 Bc6
16.Rc1 a6 17.a4 Qe7 18.Ne2 Rac8 19.Bb1 Nh4 20.Qd3 g6 21.Nh2 Qg5 22.Qg3 
Qxg3 23.fxg3 Nf5 24.g4 Ne7 25.g5 Nd7 26.Ng4 b5 27.Nf6+ Nxf6 28.gxf6 Nf5 
29.g4 Nh4 30.a5 Bd7 31.b4 Rc4 32.Rxc4 bxc4 33.Bc2 Rb8 34.Rb1 Bb5 35.Nc3 
Nf3+ 36.Kf2 Nxd4 37.Ba4 Bxa4 38.Nxa4 Nc6 0-1

[Event "I Festival A"]
[Site "Ravenna ITA"]
[Date "2005.10.16"]
[Round "4"]
[White "Castellano, Alfonso"]
[Black "Brancaleoni, Maurizio"]
[Result "0-1"]
[WhiteElo "1931"]
[BlackElo "2308"]
[PlyCount "46"]
[EventDate "2005.10.14"]

1.c4 e6 2.g3 d5 3.Bg2 Nf6 4.Nf3 Be7 5.O-O O-O 6.b3 b6 7.Bb2 Bb7 8.d4 dxc4 
9.bxc4 c5 10.e3 Qc8 11.Nbd2 Nbd7 12.Rc1 Rd8 13.Qc2 Qc7 14.Rfd1 Rac8 15.Qb1
Qb8 16.a4 Qa8 17.Nh4 Bxg2 18.Nxg2 cxd4 19.exd4 Bb4 20.Nb3 Qf3 21.Qd3 Qxd3 
22.Rxd3 Ne5 23.Rf3 Nxf3+ 0-1

[Event "I Festival A"]
[Site "Ravenna ITA"]
[Date "2005.10.16"]
[Round "4"]
[White "Del Vecchio, Gastone"]
[Black "Zanetto, Marco"]
[Result "0-1"]
[WhiteElo "1895"]
[BlackElo "1727"]
[PlyCount "34"]
[EventDate "2005.10.14"]

1.e4 e5 2.Nf3 Nc6 3.c3 Nf6 4.Qc2 Bc5 5.b4 Bb6 6.Bc4 d6 7.h3 Be6 8.Bxe6 
fxe6 9.a4 a6 10.Bb2 O-O 11.O-O Nh5 12.b5 Rxf3 13.bxc6 Rxh3 14.gxh3 Nf4 15.
Kh2 Qh4 16.Qd3 Nxd3 17.f4 Nf2 0-1